INTERPRETATION OF TAXING STATUTES A STUDY (Record no. 20751)

MARC details
000 -LEADER
fixed length control field 00283nam a22001217a 4500
003 - CONTROL NUMBER IDENTIFIER
control field SGT
082 ## - DEWEY DECIMAL CLASSIFICATION NUMBER
Classification number 340.14
Item number ROY
100 ## - MAIN ENTRY--PERSONAL NAME
Personal name ROY, S. B
245 ## - TITLE STATEMENT
Title INTERPRETATION OF TAXING STATUTES A STUDY
260 ## - PUBLICATION, DISTRIBUTION, ETC. (IMPRINT)
Place of publication, distribution, etc NEW DELHI
Name of publisher, distributor, etc TAXATION PUBLISHER
Year of Publication 1973
300 ## - PAGE DESCRIPTION
No. of Pages VI ,164
942 ## - ADDED ENTRY ELEMENTS (KOHA)
Source of classification or shelving scheme Dewey Decimal Classification
Koha item type Books
Holdings
Withdrawn status Lost status Source of classification or shelving scheme Damaged status Not for loan Collection code Home library Current library Shelving location Date acquired Cost, normal purchase price SGTU Full call number Accession No. (Barcode) Date last seen Bill Date Koha item type
    Dewey Decimal Classification   Not For Loan LAW SGT Science & Social Sciences Library SGT Science & Social Sciences Library Reference Book 15/10/2020 30.00 SGTU 340.14 ROY FL2494 15/10/2020 15/10/2020 Books